| 000 | 00924nam a2200217Ia 4500 | ||
|---|---|---|---|
| 999 |
_c56036 _d56036 |
||
| 001 | 23136 | ||
| 003 | GE_BSU | ||
| 005 | 20230717153056.0 | ||
| 008 | 181216s1958||||ge |||||||||||||| ||geo|| | ||
| 040 | _cGE_BSU | ||
| 041 | _ageo | ||
| 080 | _a821.112.2-2 ლ-48 | ||
| 100 |
_aლესინგი, გოტჰოლდ ეფრაიმ _919394 |
||
| 245 |
_aდრამები / _cგოტჰოლდ ეფრაიმ ლესინგი ; რედ., შესავალი ნარკვევი და კომენტარები ოთარ ჯინორიასი. |
||
| 264 |
_aთბილისი : _bსაბჭ. მწერალი, _c1958. |
||
| 300 |
_a528 გვ. : _b 1ფ. პორტრ. ; _c21 სმ. |
||
| 541 | _h4ლ. 28თ. | ||
| 653 | _aდრამები | ||
| 700 |
_aჯინორია, ოთარ _eრედაქტორი _913630 |
||
| 942 |
_cBK _2udc |
||